| 000 | 00388nam a2200145 a 4500 | ||
|---|---|---|---|
| 005 | 20141022142001.0 | ||
| 008 | 100924s19uu xx 00 eng d | ||
| 020 | _a1-55740-536-0 | ||
| 050 |
_aDVD _bM34 2009 |
||
| 245 |
_aMarketing's 4 Ps: _bthe consumer angle. |
||
| 260 |
_aChicago, Il : _bLearning Seed, _cc2009. |
||
| 300 | _a25 min. | ||
| 650 | _aMarketing strategy. | ||
| 942 | _cAVM | ||
| 999 |
_c276283 _d276283 |
||